00356nam a22001097a 4500082001200000100002000012245010000032260003700132300001900169650003700188700002100225 a620.005 aSyed, Ali Fahad aAnalysis of Fuel Supply System of Pakistan Army to Effect Overall Improvement /cAli Fahad Syed aIslamabad :bCEME - NUST,c2013. a91 p. ;c30cm. aEngineering Management-MS-Thesis aDr. Javaid Iqbal